Language and faith.
I tiakina i:
| Ngā kaituhi rangatōpū: | , |
|---|---|
| Ētahi atu kaituhi: | , |
| Hōputu: | Pukapuka |
| Reo: | Ingarihi |
| I whakaputaina: |
Santa Ana, Calif. :
Wycliffe Bible Translators, in cooperation with Summer Institute of Linguistics
1972.
|
| Ngā marau: | |
| Ngā Tūtohu: |
Kāore He Tūtohu, Me noho koe te mea tuatahi ki te tūtohu i tēnei pūkete!
|
MARC
| LEADER | 00000nam a22000007a 4500 | ||
|---|---|---|---|
| 003 | KE-NaDUL | ||
| 005 | 20230323141054.0 | ||
| 008 | 230323b |||||||| |||| 00| 0 eng d | ||
| 040 | |a DUL |c DUL |d Dwaswala | ||
| 050 | 0 | 0 | |a BS450.L36 1972 |
| 245 | 0 | 0 | |a Language and faith. |c Edited by Cornell Capa and Dale Kietzman, in association with Yvonne Kalmus, and assisted by Peter Anderson, Carey Moore, and Hugh Steven |
| 260 | |a Santa Ana, Calif. : |b Wycliffe Bible Translators, in cooperation with Summer Institute of Linguistics |c 1972. | ||
| 300 | |a 159 p. |b illus. |c 28 cm. | ||
| 630 | 0 | |a Bible |x Versions. |9 121418 | |
| 650 | 0 | |a Reading (Adult education) |9 121419 | |
| 650 | 0 | |a Ethnology. |9 121420 | |
| 700 | 1 | |a Capa, Cornell, |e Editor. |9 121421 | |
| 700 | 1 | |a Kietzman, Dale, |e Editor. |9 121422 | |
| 710 | 2 | |a Wycliffe Bible Translators. |9 121423 | |
| 710 | 2 | |a Summer Institute of Linguistics. |9 121424 | |
| 942 | |2 lcc |c REF |h BS450 |i .L36 |m 1972 |6 BS0450 L36 | ||
| 952 | |0 0 |1 0 |2 lcc |4 0 |6 BS0450 L36 01972 |7 1 |8 REF |9 134545 |a CUI |b CUI |c CUI |d 2023-03-23 |l 0 |o BS450.L36 1972 |p CUI03754 |r 2023-03-23 00:00:00 |w 2023-03-23 |x 03754 |y REF | ||
| 999 | |c 219039 |d 219038 | ||